European Masters /3 Domestic Interiors 5 (Record no. 988)
[ view plain ]
| 000 -LEADER | |
|---|---|
| fixed length control field | 00275nam a2200097Ia 4500 |
| 008 - FIXED-LENGTH DATA ELEMENTS--GENERAL INFORMATION | |
| fixed length control field | 200302s9999 xx 000 0 und d |
| 100 ## - MAIN ENTRY--PERSONAL NAME | |
| Personal name | Francisco Asensio Cerver |
| 245 ## - TITLE STATEMENT | |
| Title | European Masters /3 Domestic Interiors 5 |
| 260 ## - PUBLICATION, DISTRIBUTION, ETC. | |
| Name of publisher, distributor, etc. | Ediciones Atrium S. A. Publisher |
| 300 ## - PHYSICAL DESCRIPTION | |
| Extent | 255 P., |
| Withdrawn status | Lost status | Damaged status | Not for loan | Permanent Location | Current Location | Date acquired | Full call number | Barcode | Date last seen | Price effective from | Koha item type |
|---|---|---|---|---|---|---|---|---|---|---|---|
| BMS College of Architecture, Design and Planning | BMS College of Architecture, Design and Planning | 2020-03-03 | 720.94 | CL-UG34133 | 2020-03-03 | 2020-03-03 | UG Books from CL |